| 000 | 00591nam a22002297a 4500 | ||
|---|---|---|---|
| 001 | 86405 | ||
| 003 | UA-OsUOA | ||
| 005 | 20211108214514.0 | ||
| 007 | ta | ||
| 008 | 20120831b un ||||| |||| 00| 0 ukr d | ||
| 040 |
_aUA-OsUOA _brus _cUA-OsUOA _dUA-OsUOA |
||
| 041 | _arus | ||
| 080 | _a94(47+57) | ||
| 090 |
_a94(47+57) _bС29 |
||
| 100 | _aСеляничев А. | ||
| 245 | _aФлот под красным флагом революции | ||
| 260 |
_aМ. _bПросвещение _c1983 |
||
| 300 | _a174 с. | ||
| 650 | 7 |
_a94 Історія _2UDC |
|
| 942 |
_cBK _2udc |
||
| 955 | _a5 | ||
| 999 |
_c373257 _d373257 |
||